[Event "Moia op 6th"]
[Site "Moia"]
[Date "2017.11.03"]
[Round "6"]
[White "Mollet Soldevila, Eva"]
[Black "Sanchez Millan, Angel"]
[Result "1-0"]
[WhiteElo "1342"]
[BlackElo "1467"]
[PlyCount "69"]
[EventDate "2017.09.22"]
[EventType "swiss"]
[EventRounds "8"]
[EventCountry "ESP"]
[SourceTitle "CBM 189 Extra"]
[Source "ChessBase"]
[SourceDate "2019.06.03"]
[SourceVersion "1"]
[SourceVersionDate "2019.06.03"]
[SourceQuality "1"]

1. e4 b6 2. Nf3 Bb7 3. Nc3 Nc6 4. Bc4 e6 5. a3 Bd6 6. 0-0 Ne5 7. Nxe5 Bxe5 8. d4 Bf6 9. e5 Bg5 10. Qg4 Bxc1 11. Raxc1 g6 12. d5 Ne7 13. Rcd1 exd5 14. Nxd5 Nxd5 15. Bxd5 c6 16. Bb3 Bc8 17. Qf4 0-0 18. Rd3 Qe7 19. Rf3 Bb7 20. Rd1 c5 21. Qf6 Qxf6 22. Rxf6 Rae8 23. Rxd7 Rxe5 24. h3 Bc8 25. Rfxf7 Rxf7 26. Rxf7 Be6 27. Bxe6 Rxe6 28. Rxa7 Re2 29. Rb7 Rxc2 30. Rxb6 Kf7 31. a4 h5 32. a5 Rc1+ 33. Kh2 Ra1 34. a6 Ra5 35. Kg3 1-0

[Event "Moia op 5th"]
[Site "Moia"]
[Date "2016.09.23"]
[Round "1"]
[White "Sanchez Millan, Angel"]
[Black "Mas Sayos, Lluis"]
[Result "0-1"]
[WhiteElo "1706"]
[BlackElo "1636"]
[PlyCount "76"]
[EventDate "2016.09.23"]
[EventType "swiss"]
[EventRounds "8"]
[EventCountry "ESP"]
[SourceTitle "EXT 2018"]
[Source "ChessBase"]
[SourceDate "2017.10.13"]
[SourceVersion "1"]
[SourceVersionDate "2017.10.13"]
[SourceQuality "1"]

1. e4 c5 2. Nf3 Nc6 3. Bb5 Nd4 4. Nxd4 cxd4 5. c3 Qb6 6. Bc4 g6 7. Qf3 e6 8. d3 Bg7 9. Bd2 Qxb2 10. cxd4 Qxa1 11. 0-0 Qb2 12. Bb3 Bxd4 13. Rc1 a5 14. Qd1 a4 15. Rc2 Qa1 16. Bxa4 Ne7 17. Bb3 0-0 18. a4 Rxa4 19. Bxa4 Qxa4 20. Qc1 Nc6 21. Nc3 Qa7 22. Bh6 Bg7 23. Nb5 Qb8 24. Bf4 e5 25. Bg3 d6 26. f4 Bd7 27. fxe5 Bxe5 28. Bf2 Nb4 29. d4 Nxc2 30. dxe5 Bxb5 31. Qxc2 dxe5 32. Qc5 Rd8 33. h4 Bc6 34. Be3 Qd6 35. Qa7 Bxe4 36. Bc5 Qd1+ 37. Kh2 Qg4 38. Qa2 Qxh4+ 0-1

[Event "Vall del Tenes op 4th"]
[Site "Santa Eulalia de Roncana"]
[Date "2015.05.22"]
[Round "6"]
[White "Plantada Martorell, Josep"]
[Black "Sanchez Millan, Angel"]
[Result "0-1"]
[WhiteElo "1656"]
[BlackElo "1725"]
[PlyCount "102"]
[EventDate "2015.04.10"]
[EventType "swiss"]
[EventRounds "8"]
[EventCountry "ESP"]
[SourceTitle "CBM 166 Extra"]
[Source "ChessBase"]
[SourceDate "2015.06.18"]
[SourceVersion "1"]
[SourceVersionDate "2015.06.18"]
[SourceQuality "1"]

1. e4 e5 2. Nf3 d6 3. Bc4 Nf6 4. Nc3 a6 5. d4 exd4 6. Nxd4 b5 7. Bd5 Nxd5 8. Nxd5 c6 9. Nf4 Bb7 10. Nb3 c5 11. Nd5 Bxd5 12. Qxd5 Ra7 13. Be3 Re7 14. Bf4 Rc7 15. Na5 Qf6 16. Qa8 Rc8 17. Bc1 Be7 18. Nc6 0-0 19. Nxb8 Rxb8 20. Qxa6 b4 21. Qc4 Qe5 22. Qe2 Rbd8 23. 0-0 d5 24. f4 Qxe4 25. Qxe4 dxe4 26. Re1 f5 27. c3 bxc3 28. bxc3 Bf6 29. Bb2 Rd2 30. Rab1 Rb8 31. Bc1 Rxb1 32. Bxd2 Rb2 33. Rd1 Rxa2 34. c4 Rc2 35. Ba5 Bd4+ 36. Kh1 Rxc4 37. Bd8 Bf2 38. h4 Bxh4 39. Bxh4 e3 40. Rd8+ Kf7 41. Rd7+ Kg6 42. Rd6+ Kh5 43. Bg3 Kg4 44. Kh2 e2 45. Re6 Re4 46. Rxe4 fxe4 47. Be1 Kxf4 48. Bd2+ e3 49. Be1 Ke4 50. Kg3 c4 51. Bc3 Kd3 0-1

[Event "Vall del Tenes op 4th"]
[Site "Santa Eulalia de Roncana"]
[Date "2015.05.15"]
[Round "5"]
[White "Sanchez Millan, Angel"]
[Black "Rius Riu, Gerard"]
[Result "0-1"]
[WhiteElo "1725"]
[BlackElo "1859"]
[PlyCount "82"]
[EventDate "2015.04.10"]
[EventType "swiss"]
[EventRounds "8"]
[EventCountry "ESP"]
[SourceTitle "CBM 166 Extra"]
[Source "ChessBase"]
[SourceDate "2015.06.18"]
[SourceVersion "1"]
[SourceVersionDate "2015.06.18"]
[SourceQuality "1"]

1. e4 c6 2. Nc3 d5 3. exd5 cxd5 4. d4 Nf6 5. Nf3 g6 6. g3 Bg7 7. Bg5 0-0 8. Bg2 Nc6 9. 0-0 h6 10. Bxf6 Bxf6 11. Qd2 Bg7 12. Ne5 e6 13. Nxc6 bxc6 14. Na4 Rb8 15. b3 Bb7 16. Nc5 Ba8 17. c4 Qf6 18. Nd7 Qxd4 19. Qxd4 Bxd4 20. Rad1 Bg7 21. Nxb8 Rxb8 22. cxd5 cxd5 23. Rc1 Be5 24. Rc2 Bb7 25. Re1 Bd6 26. Bf1 Kf8 27. a4 a6 28. a5 Ke7 29. Rb1 d4 30. Rc4 e5 31. b4 Bd5 32. Rcc1 Be4 33. Ra1 Bxb4 34. Rc7+ Kf6 35. Ra7 d3 36. Rxa6+ Kg7 37. Rb6 Rxb6 38. axb6 d2 39. Be2 Bc5 40. Bd1 Bxb6 41. Rb1 Bxb1 0-1

[Event "Moia op 1st"]
[Site "Moia"]
[Date "2013.06.30"]
[Round "7"]
[White "Rodriguez Lloret, Ricard"]
[Black "Sanchez Millan, Angel"]
[Result "0-1"]
[WhiteElo "1700"]
[BlackElo "1716"]
[PlyCount "96"]
[EventDate "2013.05.19"]
[EventType "swiss"]
[EventRounds "8"]
[EventCountry "ESP"]
[SourceTitle "EXT 2014"]
[Source "ChessBase"]
[SourceDate "2013.11.20"]
[SourceVersion "1"]
[SourceVersionDate "2013.11.20"]
[SourceQuality "1"]

1. e4 e5 2. Bd3 Bc5 3. Nf3 Nc6 4. c3 d5 5. b4 Bb6 6. Bb5 dxe4 7. Nxe5 Qf6 8. d4 a6 9. Ba4 Nge7 10. 0-0 0-0 11. Nd2 Nxe5 12. Nxe4 Qg6 13. Bc2 Bh3 14. Ng5 Bf5 15. Bxf5 Qxf5 16. dxe5 Qxe5 17. Qc2 g6 18. Nf3 Qd6 19. Bg5 Rac8 20. Rfe1 f6 21. Bh4 c5 22. Bg3 Qd7 23. a3 cxb4 24. Qb3+ Kg7 25. Qxb4 Nd5 26. Red1 Qc6 27. Qe4 Nxc3 28. Qxc6 Rxc6 29. Rd7+ Rf7 30. Rd3 Rfc7 31. Bxc7 Rxc7 32. Rc1 Ne2+ 33. Kf1 Nxc1 34. Rd1 Na2 35. Rd6 Rc1+ 36. Ne1 Bc5 37. Rd7+ Kh6 38. Rxb7 Bxa3 39. Ra7 Rc6 40. g3 Bb4 41. Nd3 a5 42. h4 Nc3 43. Kg2 a4 44. Nxb4 Rb6 45. Nc2 g5 46. f3 gxh4 47. gxh4 Rb2 48. Kg3 Rxc2 0-1

[Event "Moia op 1st"]
[Site "Moia"]
[Date "2013.06.23"]
[Round "6"]
[White "Sanchez Millan, Angel"]
[Black "Codina Espinasa, Joan"]
[Result "1/2-1/2"]
[WhiteElo "1716"]
[BlackElo "1841"]
[PlyCount "22"]
[EventDate "2013.05.19"]
[EventType "swiss"]
[EventRounds "8"]
[EventCountry "ESP"]
[SourceTitle "EXT 2014"]
[Source "ChessBase"]
[SourceDate "2013.11.20"]
[SourceVersion "1"]
[SourceVersionDate "2013.11.20"]
[SourceQuality "1"]

1. e4 e5 2. Nf3 Nc6 3. Bc4 Bc5 4. a3 d6 5. h3 Nf6 6. d3 h6 7. b4 Bb6 8. 0-0 Bd7 9. Bd2 Qc8 10. Nh2 a6 11. Nc3 Nd4 1/2-1/2

[Event "Moia op 1st"]
[Site "Moia"]
[Date "2013.05.19"]
[Round "1"]
[White "Sanchez Millan, Angel"]
[Black "Centelles Vivas, Aleix"]
[Result "0-1"]
[WhiteElo "1716"]
[BlackElo "1774"]
[PlyCount "96"]
[EventDate "2013.05.19"]
[EventType "swiss"]
[EventRounds "8"]
[EventCountry "ESP"]
[SourceTitle "EXT 2014"]
[Source "ChessBase"]
[SourceDate "2013.11.20"]
[SourceVersion "1"]
[SourceVersionDate "2013.11.20"]
[SourceQuality "1"]

1. e4 e6 2. Nf3 d5 3. e5 c5 4. d4 cxd4 5. Qxd4 Nc6 6. Bb5 Qa5+ 7. Nc3 Bb4 8. Bxc6+ bxc6 9. 0-0 Ne7 10. a3 Bc5 11. Qg4 Ng6 12. b4 h5 13. Qxe6+ Bxe6 14. bxa5 Bg4 15. Re1 Bxf3 16. gxf3 Bd4 17. Bb2 Rb8 18. Rab1 0-0 19. e6 Rxb2 20. exf7+ Kh7 21. Ne2 Rxb1 22. Rxb1 Bc5 23. Rb7 Ne5 24. Kg2 Rxf7 25. Rxf7 Nxf7 26. Nf4 g6 27. a4 a6 28. Ne6 Bb4 29. Nc7 Bxa5 30. Nxa6 Nd6 31. Nc5 Nf5 32. Nb3 Bb4 33. h3 Bd6 34. Kf1 c5 35. Na5 Ne7 36. Nb7 Nc8 37. a5 Be7 38. a6 Kg7 39. Na5 Na7 40. Ke2 Kf6 41. Kd3 Ke6 42. c4 d4 43. Ke4 Kd6 44. f4 Kc7 45. Kd5 Kb6 46. Nb3 Kxa6 47. Nxc5+ Bxc5 48. Kxc5 d3 0-1